Statistics for Positive Powers of 2

Click here to take the quiz!

General Stats

  • This quiz has been taken 11 times
  • The average score is 16 of 20

Answer Stats

PowerAnswer% Correct
12
100%
24
100%
101024
89%
7128
89%
416
89%
112048
89%
8256
89%
532
89%
124096
89%
9512
89%
664
89%
38
89%
1416384
78%
138192
78%
1532768
67%
1665536
67%
201048576
44%
17131072
44%
18262144
44%
19524288
44%

Score Distribution

Percentile by Number Answered

Percent of People with Each Score

Your Score History

You have not taken this quiz